Zdaňovanie príjmov z digitálnych služieb a digitálnych platforiem
Digitálne platformy a digitálne služby za posledné desaťročie transformovali globálne hospodárstvo. V súčasnosti čelia daňovým výzvam, ktoré pre tradičné podniky neboli aktuálne. Charakter digitálnych služieb, založený na cezhraničných transakciách, neustále kladie otázky, či sú existujúce daňové sy...
Salvato in:
| Autore principale: | |
|---|---|
| Natura: | Capitolo di libro |
| Lingua: | slovacco |
| Soggetti: | |
| Tags: |
Nessun Tag, puoi essere il primo ad aggiungerne!!
|
MARC
| LEADER | 00000naa a2200000 4500 | ||
|---|---|---|---|
| 001 | 0307504 | ||
| 005 | 20250306120019.4 | ||
| 041 | 0 | |a slo | |
| 044 | |a SK | ||
| 245 | 1 | 0 | |a Zdaňovanie príjmov z digitálnych služieb a digitálnych platforiem |c Michal Želonka |
| 520 | |a Digitálne platformy a digitálne služby za posledné desaťročie transformovali globálne hospodárstvo. V súčasnosti čelia daňovým výzvam, ktoré pre tradičné podniky neboli aktuálne. Charakter digitálnych služieb, založený na cezhraničných transakciách, neustále kladie otázky, či sú existujúce daňové systémy schopné efektívne zdaňovať ich príjmy. Digitálne platformy poskytujúce ubytovanie. Digitálne platformy poskytujúce donáškové služby a taxislužby. Digitálne platformy poskytujúce online trhovisko. | ||
| 610 | 2 | 0 | |a dane z príjmov |
| 610 | 2 | 0 | |a platformy digitálne |
| 610 | 2 | 0 | |a služby digitálne |
| 610 | 2 | 0 | |a zdaňovanie |
| 610 | 2 | 0 | |a legislatíva |
| 100 | 1 | |a Želonka, Michal | |